000 00372nam a22001457a 4500
999 _c197545
_d197545
008 230824b ||||| |||| 00| 0 eng d
082 _a920-KAL
100 _aKalam, A.P.J. Abdul
245 _aThe Wings of Fire
_hEnglish
260 _aDelhi
_bA.I.C.B.
_cRohini
270 _aA.I.C.B. Rohini, Delhi
300 _a12x13
490 _v1-3
942 _2ddc
_cBRLEN
_k920
_mKAL